000 00655pam a2200241 a 4500
008
020 _a0415903025 (pbk.) :
049 _aMAIN
050 0 0 _aRC480STO 1990
100 1 _aStorr, Anthony.
245 1 4 _aThe art of psychotherapy /
_cAnthony Storr.
250 _a2nd ed.
260 _aNew York :
_bRoutledge,
_c1990.
300 _axv, 208 p. ;
_c22 cm.
504 _aIncludes bibliographical references and index.
650 0 _aPsychotherapy.
650 2 _aPsychotherapy.
907 _a.b10204696
_b08-06-06
_c08-06-06
003
005 20230120203931.0
040 _cNUST
942 _cBOOKS
999 _c114125
_d114125